000 004540000a22001810004500
003 MACL
005 20160130114702.0
008 160130b xxu||||| |||| 00| 0 eng d
040 _aMACL
_cMACL
041 _aEnglish
082 _a741.642
100 _aRoy, Ron
_935747
245 _aThe White Wolf
_bA to Z mysteries
260 _bA Stepping Stone Book
_c2004
_aNew York
350 _a107
650 _aChildren Book
_935769
942 _cBK
_k741.642
_2ddc
999 _c45712
_d45712